banner koha

Missões silenciosas / (Registro n. 6780)

MARC details
000 -LÍDER
campo de controle de tamanho fixo 01213nam a2200241 a 4500
001 - NÚMERO DE CONTROLE
campo de controle BS0001720
003 - IDENTIFICADOR DO NÚMERO DE CONTROLE
campo de controle BR-BrBNA
005 - DATA E HORÁRIO DA ÚLTIMA TRANSAÇÃO
campo de controle 20230418191825.0
008 - CAMPO DE DADOS FIXOS--INFORMAÇÃO GERAL
campo de controle de tamanho fixo 230308b |||||||| |||| 00| 0 por d
040 ## - FONTE DA CATALOGAÇÃO
Instituição da catalogação original BR-BrBNA
Idioma da catalogação por
Instituição que transcreveu o registro Biblioteca Nacional de Agricultura
041 ## - CÓDIGO DE IDIOMA
Código do idioma do texto/trilha sonora ou título diferente por
072 ## - CÓDIGO DE CATEGORIA DE ASSUNTO
Código de Categoria de Assunto B60
090 ## - NÚMERO DE CHAMADA LOCAL
Número de chamada B60 BS0001720
100 1# - ENTRADA PRINCIPAL--NOME PESSOAL
Nome pessoal Walters, Vernon Anthony.
245 1# - TÍTULO
Título Missões silenciosas /
260 3# - PUBLICAÇÃO, DISTRIBUIÇÃO, ETC.
Local de publicação, distribuição, etc. Rio de Janeiro, RJ:
Nome do editor, distribuidor, etc. Biblioteca do Exército,
Data da publicação, distribuição, etc. 1986.
300 ## - DESCRIÇÃO FÍSICA
Extensão 574 p.
500 ## - NOTA GERAL
Nota geral Título Orginal: Silente Mossions. Tradução de Heitor A. Herrera..<br/>
520 3# - NOTA DE RESUMO, ETC
Resumo, etc. Durante 35 anos Vernon Walters, autor de Missões Silenciosas viveu no centro dos grandes acontecimentos mundiais. Foi o intérprete, pessoa da estrita confiança e conselheiro de cinco presidentes americanos, trabalhador dedicado e astuto diplomata. Neste seu livro de memórias é recriado o passado histórico recente e focalizadas as lições, que ele encerra, proporcionando-nos uma visão abrangente das circunstâncias, tanto quanto de estadistas e políticos, que influíram no destino do mundo durante mais de três décadas.
650 ## - ASSUNTO--TERMO TÓPICO
Cabeçalho tópico ou nome geográfico BIOGRAFIA
909 ## -
-- 202304
-- Sergio Santos
-- 56
-- Sergio Santos
942 ## - ELEMENTOS DE ENTRADA ADICIONADOS (KOHA)
Tipo de material Koha Livros
Exemplares
Situação do descarte Fonte da classificação ou esquema de arquivamento na estante Situação física Não pode ser emprestado Coleção Biblioteca de origem Biblioteca atual Total de empréstimos Número de telefone completo Código de barras Data de último acesso Número do exemplar Tipo de material Koha Situação das perdas Data de aquisição Fonte de aquisição Qualificador de local codificado
  Classificação AGRIS     Acervo Cultural Biblioteca Nacional de Agricultura - Binagri Biblioteca Nacional de Agricultura - Binagri   B60 BS0001720 B60 BS0001720 12/04/2023 01 Livros   2023-04-04 Doação B60

BINAGRI

Telefone: (61)3218-2567/2388/3357/2097 - binagri@agro.gov.br

Ministério da Agricultura e Pecuária , Esplanada dos Ministérios, Bloco D, Anexo B, Brasília/DF, CEP: 70.043-900